000 00688nam a2200205Ia 4500
003 IN-BaIIA
008 211028s9999 xx 000 0 eng d
040 _cIIA Library
080 _a047.1:535.33
_bDEV-3
245 0 _aDevelopments in applied spectroscopy
_bvol. 3
_cedited by J. E. Forrette and Lanterman E.
260 _aNew York
_bPlenum Press
_c1964
300 _aix, 409p.
650 _aAbsorption Spectroscopy
_91788
650 _aAstronomy and Astrophysics Thesaurus
650 _aOptical Spectroscopy
_95315
650 _aSpectroscopy
_91535
700 _aForrette, J. E., ed.
_95316
700 _aLanterman, E., ed.
_95317
942 _cBK
999 _c2990
_d2990